La lengua de Cristóbal Colón
में बचाया:
| मुख्य लेखक: | |
|---|---|
| स्वरूप: | पुस्तक |
| भाषा: | Undetermined |
| प्रकाशित: |
Buenos Aires, Argentina
Espasa-Calpe
1947
|
| संस्करण: | 3 |
| विषय: | |
| टैग: |
टैग जोड़ें
कोई टैग नहीं, इस रिकॉर्ड को टैग करने वाले पहले व्यक्ति बनें!
|
MARC
| LEADER | 00000nam a2200000Ia 4500 | ||
|---|---|---|---|
| 008 | 170316s9999 xx 000 0 und d | ||
| 040 | |a cru BVZT | ||
| 090 | |a 410 M-15L | ||
| 100 | |a Menéndez Pidal, Ramón | ||
| 245 | |a La lengua de Cristóbal Colón | ||
| 250 | |a 3 | ||
| 260 | |a Buenos Aires, Argentina | ||
| 260 | |b Espasa-Calpe | ||
| 260 | |c 1947 | ||
| 300 | |a 150 páginas | ||
| 650 | |a LINGÜÍSTICA | ||
| 999 | |c 10150 |d 10150 | ||
| 942 | |c 15 D |h 410 M-15L |2 z | ||
